00659cam a22002173a 450000100060000000300060000600500170001200800410002904000150007004200070008505000070009210000320009924500940013126000290022550600300025451600200028465300430030465300230034783000290037085600420039918611PGUSA20140828083409.0060617s2006||||xxu|||||s|||||000 | eng d aPGUSAbeng adc 4aDC1 aDarien, Georges,d1862-192110aLes vrais sous-offs :bRéponse à M. Descavesh[electronic resource] /cGeorges Darien bProject Gutenberg,c2006 aPublic domain in the USA. aElectronic text aDescaves, Lucien, 1861-1949. Sous-offs aSoldiers -- France 0aProject Gutenbergv1861140uhttp://www.gutenberg.org/ebooks/18611